| 000 | 01930cam a22001937a 4500 | ||
|---|---|---|---|
| 999 |
_c6593 _d6593 |
||
| 020 | _a0072230738 (pbk.) | ||
| 022 | _a9780072230734 | ||
| 050 | 0 | 0 |
_aQA76.73.J38 _b.Sc1 |
| 100 | 1 | _aSchildt, Herbert. | |
| 245 | 1 | 0 |
_aJava. _cHerbert Schildt. _bthe complete reference, J2SE 5 edition |
| 250 | _aJ2SE 5 ed. | ||
| 260 |
_aNew York : _bMcGraw-Hill/Osborne, _cc2005. |
||
| 300 |
_axxx, 1000 p. : _bill. ; _c23 cm. |
||
| 500 | _aIncludes index. | ||
| 505 | 0 | _aPart I: The Java Language Chapter 1: The History and Evolution of Java Chapter 2: An Overview of Java Chapter 3: Data Types, Variables, and Arrays Chapter 4: Operators Chapter 5: Control Statements Chapter 6: Introducing Classes Chapter 7: A Closer Look at Methods and Classes Chapter 8: Inheritance Chapter 9: Packages and Interfaces Chapter 10: Exception Handling Chapter 11: Multithreaded Programming Chapter 12: Enumerations, Autoboxing, and Metadata (Annotations) Chapter 13: I/O, Applets, and Other Topics Chapter 14: Generics Part II: The Java Library Chapter 15: String Handling Chapter 16: Exploring java.lang Chapter 17: java.util Part 1: The Collections Framework Chapter 18: java.util Part 2: More Utility Classes Chapter 19: Input/Output: Exploring java.io Chapter 20: Networking Chapter 21: The Applet Class C Chapter 22: Event Handling Chapter 23: Introducing the AWT: Working with Windows,Graphics, and Text Chapter 24: Using AWT Controls, Layout Managers, and Menus Chapter 25: Images Chapter 26: The Concurrency Utilities Chapter 27: NIO, Regular Expressions, and Other Packages Part III: Software Development Using Java Chapter 28: Java Beans Chapter 29: A Tour of Swing Chapter 30: Servlets Part IV: Applying Java Chapter 31: Financial Applets and Servlets Chapter 32: Creating a Download Manager in Java | |
| 650 | 0 | _aJava (Computer program language) | |
| 650 | 0 | _aInternet programming. | |
| 942 | _cBK | ||